1982 1980 1850 1953 1656 1291 1020 1642 1470 1396 1090 1316 1340 1513 1788 1801 1623 1158 1237 1240 1501 1980 1810 1473 1524 1165 1787 1244 1607 1450 1477 1163 1031 1573 1433 1161 1345 1456 1763 1434 1799 1900 1080 1711 1901 1082 1412 1477 1568 1713 1864 1935 1015 1363 1320 1063 1396 1703 1106 1163 1575 1384 1491 1431 1911 1059 1017 1983 1386 1810 1142 1825 1836 1014 1941 1950 1424 1502 1194 1976 1076 1880 1030 1125 1208 1122 1809 1890 1474 1587 1083 1931 1870 1424 1366 1169 1434 1535 1912 BCNSPRNW ULIB Ver.6.0+V

เปลี่ยนเป็นภาษาไทย

Change to English
 แสดงรายละเอียดบรรณานุกรม
  กลับหน้าหลัก

Brief Record : Get Marc (ISO 2709) : E-mail record : QR code < ปิดหน้าต่าง
LEADER : 00000nam 2200000uu 4500
001    13399111806
003     ULIB
008    110627s2552||||th 000 0 tha d
020    9786117123122
090    นว.^bอ333ห 2552
100 0  อรพิชชา
245 00 หนี้รักกับดักหัวใจ/^cอรพิชชา
250    พิมพ์ครั้งที่ 1
260    กรุงเทพฯ :^bกรีนมายด์,^c2552
300    238 หน้า
945    ^p179^l0^i026036
995    ทศพร
999 ^a ใช้งานได้ทุกระบบ
รายการนี้ยังไม่มีแท็ก
คุณยังไม่ได้ล็อกอิน คุณสามารถมีกิจกรรมร่วมกับเว็บไซต์ได้ แต่ต้องล็อกอินก่อน ::
  ล็อกอิน

รายการสื่อสารสนเทศ

ลำดับที่ ประเภท เลขเรียก/บาร์โค้ด สถานที่ สถานะ
- ไม่พบข้อมูล -

BibComment


ยังไม่เคยถูกคอมเมนท์

คอมเมนท์ทรัพยากรรายการนี้
  คอมเมนท์: หนี้รักกับดักหัวใ..


 Copyright 2026. Bcnsprnw @Library